00502 a2200181 450000100060000002000150000604000370002110000200005824000330007824500280011130000070013936200090014644000120015565000240016794200070019195201050019899900170030372680 a8508001444 cAnchieta - Colégio São Paulo aPorto, Cristina10aSe... Será, Serafina?lpor10aSe... Será, Serafina? a640 a1985 1aÁtica 4aLiteratura infantil cBK 00104070a88.1b88.1d2023-11-22l0oLI 028.5 P853sp2379/CSPr2023-11-22 14:29:08w2023-11-22yBK c72680d72680